00714nam a22001937a 450000500170000001000150001702000260003203500140005803700090007208200110008124500930009226000360018527000460022130000200026770000360028794200250032399900190034895201530036720250108101235.0 aENG-143201 c1800.00a978819580541 aEN-126733 bDBAD a924.04 aPhanigiri: interpreting an ancient Buddhist site in Telangana/cEdited By Naman P. Ahuja aMumbaibRizio B. Yohannanc2021 a3rd Floor, 148, M.G Road bMumbaie400001 a228p.c28cm(pb) aAhuja, Naman P. eEditor976058 2ddccENh934.04mPHA c208172d208172 001040708NFICaMPbMPd2025-01-08eDelivery of Books Divisiong1800.00l0o934.04 PHApEN-126733r2025-01-08 00:00:00t1v1800.00w2025-01-08yEN